000 00278nam a2200109Ia 4500
008 220204s9999 xx 000 0 und d
082 _a339.562(058)
_bWOR
245 0 _aWorld importers directory. 1999
250 _aEd.13
260 _aDelhi
_bAnupam Publishers
_c1999
942 _cBK
999 _c41519
_d41519